| 000 -CABECERA |
| Longitud fija campo de control |
00650 am a22002055i 4500 |
| 001 - NÚMERO DE CONTROL |
| Número de control |
991060945045206706 |
| 003 - IDENTIFICADOR DEL NÚMERO DE CONTROL |
| Identificador del número de control |
OSt |
| 005 - FECHA Y HORA DE LA ÚLTIMA TRANSACCIÓN |
| Fecha y hora de la última transacción |
20230608163819.0 |
| 008 - CÓDIGOS DE INFORMACIÓN DE LONGITUD FIJA |
| Códigos de información de longitud fija |
AAMMDD----- ---|||||-|||||-|| -----|c |
| 020 ## - NÚMERO INTERNACIONAL NORMALIZADO PARA LIBROS |
| Número Internacional Normalizado para Libros (ISBN) |
9788441547919 |
| 040 ## - FUENTE DE LA CATALOGACIÓN |
| Centro catalogador de origen |
ES-BaUB |
| Lengua de catalogación |
cat |
| Normas de descripción |
rda |
| Centro transcriptor |
CDMR |
| 100 1# - PUNTO DE ACCESO PRINCIPAL-NOMBRE DE PERSONA |
| 9 (RLIN) |
4671 |
| Nombre de persona |
Knaflic, Cole Nussbaumer |
| 245 ## - MENCIÓN DE TÍTULO |
| Título |
Storytelling contigo |
| Resto del título |
: planificar, crear y hacer una presentación estelar / |
| Mención de responsabilidad, etc. |
Cole Nussbaumer Knaflic ; ilustrado por Catherine Madden |
| 260 ## - PUBLICACIÓN, DISTRIBUCIÓN, ETC. (PIE DE IMPRENTA) |
| Lugar de publicación, distribución, etc. |
Madrid |
| Nombre del editor, distribuidor, etc. |
: Anaya Multimedia, |
| Fecha de publicación, distribución, etc. |
2023 |
| 300 ## - DESCRIPCIÓN FÍSICA |
| Extensión |
317 pàgines |
| 650 #0 - PUNTO DE ACCESO ADICIONAL DE MATERIA - TÉRMINO DE MATERIA |
| 9 (RLIN) |
3737 |
| Término de materia o nombre geográfico como elemento inicial |
Comunicació visual |
| 650 #0 - PUNTO DE ACCESO ADICIONAL DE MATERIA - TÉRMINO DE MATERIA |
| 9 (RLIN) |
4608 |
| Término de materia o nombre geográfico como elemento inicial |
Infografia |
| 940 ## - |
| T&íacute;tulo uniforme |
<a href="UB">UB</a> |
| 942 ## - ENTRADA DE ELEMENTOS AGREGADOS (KOHA) |
| Fuente de clasificaión o esquema |
|
| Koha [por defecto] tipo de item |
Monografies |